| 000 | 00963cam a2200253 i 4500 | ||
|---|---|---|---|
| 003 | IT-RoINE | ||
| 005 | 20180619102649.0 | ||
| 008 | 900725r19811903sp | spa d | ||
| 020 |
_a8472962598 _c2000 pts. |
||
| 040 |
_aSpMaBN _cA2 IT-RoINE _dIT-RoINE |
||
| 100 | 1 |
_aBonilla y San Martín, Adolfo, _d1875-1926 _927864 |
|
| 245 | 1 | 0 |
_aLuis Vives y la filosofía del Renacimiento / _cAdolfo Bonilla y San Martín. |
| 250 | _a2ª ed. | ||
| 260 |
_aMadrid : _bPublicaciones de la Real Academia de Ciencias Morales y Políticas, _c1981. |
||
| 300 |
_a814 p. ; _c27 cm. |
||
| 336 |
_2rdacontent _atext |
||
| 337 |
_2rdamedia _aunmediated |
||
| 338 |
_2rdacarrier _avolume |
||
| 504 | _aBibliografía: p. 735-814. | ||
| 534 |
_pReprod. facs. de la ed. de: _cMadrid: Imp. del Asilo de Huérfanos del S.C. de Jesús, 1903 |
||
| 600 | 1 | 4 |
_aVives, Juan Luis, _d1492-1540 _91726 _xCrítica e interpretación |
| 650 | 4 |
_914825 _aFilosofía del Renacimiento |
|
| 942 | _cMTS | ||
| 999 |
_c25507 _d25507 |
||